000 00413nam a2200157Ia 4500
008 241212s9999 xx 000 0 und d
020 _a9781789248975
_qpbk
082 _a591.5
_bREE
100 _aRees, Dr. Paul
245 0 _aKey Questions In Animal Behaviour And Welfare /
250 _aFirst edition
260 _bCabi Publishing,
_c2022
300 _a256 pages
650 _aVeterinary
942 _cENGLISH
999 _c566774
_d566774